00526nam a2200241Ia 450000500170000000800460001702000150006303700070007804000080008504000080009304000080010104100080010904100080011708400160012508400080014110000260014924500210017524500260019626000140022226000300023626000090026630000090027520260401122053.0008 250103s9999 xx 000 0 eng d a8172231407 aTB aEDL beng cEDL 2eng aeng a891.453 SEN qEDL aSenapati, Fakir Mohan 0aSelected Stories 0cSenapati, Fakir Mohan aNew Delhi bHarper Collins Publishers c1995 a129p